単独市制前の郡 - Statistics

General Stats
  • This quiz has been taken 44 times
  • The average score is 208 of 326
Answer Stats
市制施行日 都道府県 所属郡 市制前の町村 % Correct
2018/10/01 福岡県 那珂川市 筑紫郡 那珂川町
83%
1896/04/01 栃木県 宇都宮市 河内郡 宇都宮町
78%
1898/04/01 青森県 青森市 東津軽郡 青森町
78%
1911/07/01 静岡県 浜松市 浜名郡 浜松町
78%
1921/01/01 千葉県 千葉市 千葉郡 千葉町
78%
1933/04/01 宮城県 石巻市 牡鹿郡 石巻町
78%
1937/04/01 三重県 桑名市 桑名郡 桑名町
78%
1943/04/01 北海道 夕張市 夕張郡 夕張町
78%
1947/10/01 北海道 留萌市 留萌郡 留萌町
78%
1897/08/01 三重県 四日市市 三重郡 四日市町
74%
1900/04/01 群馬県 高崎市 群馬郡 高崎町
74%
1911/04/01 大分県 大分市 大分郡 大分町
74%
1917/09/01 東京府 八王子市 南多摩郡 八王子町
74%
1924/04/01 大分県 別府市 速見郡 別府町
74%
1932/01/20 福岡県 飯塚市 嘉穂郡 飯塚町
74%
1933/04/01 山形県 酒田市 飽海郡 酒田町
74%
1936/04/01 長野県 岡谷市 諏訪郡 平野村
74%
1937/07/01 樺太庁 豊原市 豊原郡 豊原町
74%
1940/02/11 鹿児島県 川内市 薩摩郡 川内町
74%
1948/04/01 静岡県 吉原市 富士郡 吉原町
74%
1952/04/01 岐阜県 中津川市 恵那郡 中津川町
74%
1954/04/01 福岡県 山田市 嘉穂郡 山田町
74%
1954/04/05 山梨県 塩山市 東山梨郡 塩山町
74%
1954/04/15 神奈川県 逗子市 三浦郡 逗子町
74%
1954/07/01 千葉県 八日市場市 匝瑳郡 八日市場町
74%
1970/09/01 愛知県 知多市 知多郡 知多町
74%
2011/11/11 石川県 野々市市 石川郡 野々市町
74%
2014/01/01 岩手県 滝沢市 岩手郡 滝沢村
74%
2016/10/10 宮城県 富谷市 黒川郡 富谷町
74%
1892/04/01 群馬県 前橋市 東群馬郡 前橋町
70%
1897/04/01 長野県 長野市 上水内郡 長野町
70%
1898/10/01 滋賀県 大津市 滋賀郡 大津町
70%
1899/04/01 福岡県 門司市 企救郡 門司町
70%
1906/09/01 三重県 宇治山田市 度会郡 宇治山田町
70%
1907/02/15 神奈川県 横須賀市 三浦郡 横須賀町
70%
1907/05/01 長野県 松本市 東筑摩郡 松本町
70%
1914/04/01 福岡県 若松市 遠賀郡 若松町
70%
1917/03/01 福岡県 大牟田市 三池郡 大牟田町
70%
1917/03/01 福岡県 八幡市 遠賀郡 八幡町
70%
1924/04/01 宮崎県 都城市 北諸県郡 都城町
70%
1924/09/01 福岡県 戸畑市 遠賀郡 戸畑町
70%
1924/10/01 山形県 鶴岡市 西田川郡 鶴岡町
70%
1927/04/01 鳥取県 米子市 西伯郡 米子町
70%
1931/01/01 福岡県 直方市 鞍手郡 直方町
70%
1932/01/01 佐賀県 唐津市 東松浦郡 唐津町
70%
1932/04/01 神奈川県 平塚市 中郡 平塚町
70%
1934/01/01 新潟県 三条市 南蒲原郡 三条町
70%
1934/02/11 埼玉県 浦和市 北足立郡 浦和町
70%
1937/04/01 栃木県 栃木市 下都賀郡 栃木町
70%
1940/02/11 兵庫県 飾磨市 飾磨郡 飾磨町
70%
1940/12/01 東京府 立川市 北多摩郡 立川町
70%
1942/04/01 大阪府 泉大津市 泉北郡 大津町
70%
1943/04/01 北海道 岩見沢市 空知郡 岩見沢町
70%
1946/07/01 鹿児島県 名瀬市 大島郡 名瀬町
70%
1947/01/01 新潟県 新発田市 北蒲原郡 新発田町
70%
1947/03/07 沖縄県 平良市 宮古郡 平良町
70%
1948/04/01 大阪府 泉佐野市 泉南郡 佐野町
70%
1948/04/01 静岡県 磐田市 磐田郡 磐田町
70%
1949/04/01 北海道 稚内市 宗谷郡 稚内町
70%
1949/05/03 埼玉県 行田市 北埼玉郡 忍町
70%
1949/09/01 鹿児島県 枕崎市 川辺郡 枕崎町
70%
1950/04/01 愛知県 刈谷市 碧海郡 刈谷町
70%
1950/04/01 宮崎県 小林市 西諸県郡 小林町
70%
1950/04/01 大阪府 富田林市 南河内郡 富田林町
70%
1950/04/01 北海道 美唄市 空知郡 美唄町
70%
1950/04/01 埼玉県 秩父市 秩父郡 秩父町
70%
1950/11/03 埼玉県 所沢市 入間郡 所沢町
70%
1951/01/01 新潟県 新津市 中蒲原郡 新津町
70%
1952/04/01 鹿児島県 阿久根市 出水郡 阿久根町
70%
1952/05/05 愛知県 安城市 碧海郡 安城町
70%
1953/04/01 北海道 芦別市 空知郡 芦別町
70%
1954/01/01 埼玉県 飯能市 入間郡 飯能町
70%
1954/03/01 富山県 滑川市 中新川郡 滑川町
70%
1954/07/01 北海道 江別市 札幌郡 江別町
70%
1954/07/01 北海道 赤平市 空知郡 赤平町
70%
1955/02/01 鹿児島県 国分市 姶良郡 国分町
70%
1958/07/01 石川県 羽咋市 羽咋郡 羽咋町
70%
1958/10/01 鹿児島県 谷山市 鹿児島郡 谷山町
70%
1958/11/03 岩手県 江刺市 江刺郡 江刺町
70%
1959/04/10 山形県 尾花沢市 北村山郡 尾花沢町
70%
1963/07/01 静岡県 浜北市 浜名郡 浜北町
70%
1970/10/10 石川県 松任市 石川郡 松任町
70%
1972/01/01 静岡県 湖西市 浜名郡 湖西町
70%
1972/04/01 福岡県 筑紫野市 筑紫郡 筑紫野町
70%
1972/04/01 福岡県 春日市 筑紫郡 春日町
70%
1972/04/01 福岡県 大野城市 筑紫郡 大野町
70%
1982/04/01 岐阜県 可児市 可児郡 可児町
70%
1982/04/01 福岡県 太宰府市 筑紫郡 太宰府町
70%
1991/10/01 埼玉県 日高市 入間郡 日高町
70%
1992/10/01 福岡県 前原市 糸島郡 前原町
70%
1996/09/01 北海道 北広島市 札幌郡 広島町
70%
1996/09/01 北海道 石狩市 石狩郡 石狩町
70%
1997/10/01 福岡県 古賀市 糟屋郡 古賀町
70%
2012/01/04 愛知県 長久手市 愛知郡 長久手町
70%
2013/01/01 千葉県 大網白里市 山武郡 大網白里町
70%
1900/04/01 福岡県 小倉市 企救郡 小倉町
65%
1902/04/01 長崎県 佐世保市 東彼杵郡 佐世保村
65%
1906/08/01 愛知県 豊橋市 渥美郡 豊橋町
65%
1916/07/01 愛知県 岡崎市 額田郡 岡崎町
65%
1921/01/01 栃木県 足利市 足利郡 足利町
65%
1921/09/01 愛知県 一宮市 中島郡 一宮町
65%
1922/11/01 大阪府 岸和田市 泉南郡 岸和田町
65%
1925/04/01 兵庫県 西宮市 武庫郡 西宮町
65%
1929/10/01 愛知県 瀬戸市 東春日井郡 瀬戸町
65%
1932/07/01 山口県 萩市 阿武郡 萩町
65%
1933/04/01 北海道 帯広市 河西郡 帯広町
65%
1937/05/05 岩手県 釜石市 上閉伊郡 釜石町
65%
1940/02/11 兵庫県 洲本市 津名郡 洲本町
65%
1940/08/01 岐阜県 多治見市 土岐郡 多治見町
65%
1940/11/10 兵庫県 芦屋市 武庫郡 精道村
65%
1941/11/23 宮城県 塩竈市 宮城郡 塩竈町
65%
1942/10/01 兵庫県 相生市 赤穂郡 相生町
65%
1943/01/01 大阪府 高槻市 三島郡 高槻町
65%
1943/05/01 大阪府 貝塚市 泉南郡 貝塚町
65%
1945/09/26 沖縄県 石川市 中頭郡 美里村
65%
1947/02/11 北海道 網走市 網走郡 網走町
65%
1947/03/01 愛知県 津島市 海部郡 津島町
65%
1947/07/10 沖縄県 石垣市 八重山郡 石垣町
65%
1947/08/01 大阪府 枚方市 北河内郡 枚方町
65%
1947/10/01 神奈川県 茅ヶ崎市 高座郡 茅ヶ崎町
65%
1947/11/03 東京都 武蔵野市 北多摩郡 武蔵野町
65%
1949/04/01 山形県 新庄市 最上郡 新庄町
65%
1949/04/01 熊本県 水俣市 葦北郡 水俣町
65%
1950/11/03 東京都 三鷹市 北多摩郡 三鷹町
65%
1951/03/15 富山県 新湊市 射水郡 新湊町
65%
1952/01/01 岡山県 玉島市 浅口郡 玉島町
65%
1953/10/01 沖縄県 真和志市 島尻郡 真和志村
65%
1954/07/01 埼玉県 岩槻市 南埼玉郡 岩槻町
65%
1956/04/01 北海道 名寄市 上川郡 名寄町
65%
1958/07/01 北海道 千歳市 千歳郡 千歳町
65%
1958/07/01 北海道 滝川市 空知郡 滝川町
65%
1958/07/01 北海道 砂川市 空知郡 砂川町
65%
1958/07/01 北海道 歌志内市 空知郡 歌志内町
65%
1958/08/01 熊本県 菊池市 菊池郡 菊池町
65%
1958/08/01 長野県 茅野市 諏訪郡 茅野町
65%
1958/10/01 宮城県 名取市 名取郡 名取町
65%
1958/10/01 宮城県 角田市 伊具郡 角田町
65%
1958/10/01 山形県 天童市 東村山郡 天童町
65%
1958/11/01 栃木県 矢板市 塩谷郡 矢板町
65%
1958/11/01 宮崎県 西都市 児湯郡 西都町
65%
1958/11/03 山形県 東根市 北村山郡 東根町
65%
1959/01/01 高知県 土佐市 高岡郡 高岡町
65%
1959/01/15 大阪府 羽曳野市 南河内郡 南大阪町
65%
1959/06/01 新潟県 白根市 中蒲原郡 白根町
65%
1962/07/01 沖縄県 宜野湾市 中頭郡 宜野湾村
65%
1966/11/01 埼玉県 入間市 入間郡 武蔵町
65%
1966/11/01 大阪府 高石市 泉北郡 高石町
65%
1966/11/01 大阪府 藤井寺市 南河内郡 美陵町
65%
1968/07/01 沖縄県 具志川市 中頭郡 具志川村
65%
1970/07/01 千葉県 我孫子市 東葛飾郡 我孫子町
65%
1970/07/01 東京都 福生市 西多摩郡 福生町
65%
1970/07/01 大阪府 泉南市 泉南郡 泉南町
65%
1970/07/01 大阪府 四條畷市 北河内郡 四條畷町
65%
1970/07/01 沖縄県 浦添市 中頭郡 浦添村
65%
1970/09/01 愛知県 大府市 知多郡 大府町
65%
1970/10/01 東京都 東大和市 北多摩郡 大和町
65%
1970/10/01 東京都 清瀬市 北多摩郡 清瀬町
65%
1970/10/01 東京都 東久留米市 北多摩郡 久留米町
65%
1970/11/01 栃木県 黒磯市 那須郡 黒磯町
65%
1970/11/01 新潟県 豊栄市 北蒲原郡 豊栄町
65%
1970/12/01 愛知県 知立市 碧海郡 知立町
65%
1970/12/01 愛知県 高浜市 碧海郡 高浜町
65%
1970/12/01 宮崎県 えびの市 西諸県郡 えびの町
65%
1971/09/01 千葉県 君津市 君津郡 君津町
65%
1971/09/01 千葉県 富津市 君津郡 富津町
65%
1971/11/01 北海道 亀田市 亀田郡 亀田町
65%
1971/11/01 宮城県 多賀城市 宮城郡 多賀城町
65%
1971/11/01 宮城県 泉市 宮城郡 泉町
65%
1971/11/01 東京都 多摩市 南多摩郡 多摩町
65%
1971/11/01 東京都 稲城市 南多摩郡 稲城町
65%
1971/11/01 神奈川県 海老名市 高座郡 海老名町
65%
1971/11/01 神奈川県 座間市 高座郡 座間町
65%
1971/11/01 奈良県 生駒市 生駒郡 生駒町
65%
1972/04/01 神奈川県 南足柄市 足柄上郡 南足柄町
65%
1972/04/10 埼玉県 上福岡市 入間郡 福岡町
65%
1972/05/05 東京都 秋川市 西多摩郡 秋多町
65%
1972/10/01 京都府 向日市 乙訓郡 向日町
65%
1972/10/01 京都府 長岡京市 乙訓郡 長岡町
65%
1976/09/01 埼玉県 坂戸市 入間郡 坂戸町
65%
1981/04/01 福岡県 宗像市 宗像郡 宗像町
65%
1991/09/01 埼玉県 鶴ヶ島市 入間郡 鶴ヶ島町
65%
1991/10/01 大阪府 阪南市 泉南郡 阪南町
65%
1991/11/01 東京都 羽村市 西多摩郡 羽村町
65%
1994/10/01 愛知県 日進市 愛知郡 日進町
65%
1996/04/01 千葉県 印西市 印旛郡 印西町
65%
2001/04/01 千葉県 白井市 印旛郡 白井町
65%
2002/04/01 千葉県 富里市 印旛郡 富里町
65%
2012/10/01 埼玉県 白岡市 南埼玉郡 白岡町
65%
1898/02/01 奈良県 奈良市 添上郡 奈良町
61%
1911/09/01 新潟県 高田市 中頸城郡 高田町
61%
1916/07/01 広島県 福山市 深安郡 福山町
61%
1918/04/01 岐阜県 大垣市 安八郡 大垣町
61%
1921/11/01 山口県 宇部市 厚狭郡 宇部村
61%
1928/04/01 岡山県 倉敷市 都窪郡 倉敷町
61%
1935/10/15 山口県 徳山市 都濃郡 徳山町
61%
1938/08/01 京都府 舞鶴市 加佐郡 舞鶴町
61%
1940/07/01 新潟県 柏崎市 刈羽郡 柏崎町
61%
1940/10/01 神奈川県 藤沢市 高座郡 藤沢町
61%
1942/06/10 北海道 北見市 常呂郡 野付牛町
61%
1948/05/03 群馬県 太田市 新田郡 太田町
61%
1948/10/10 栃木県 鹿沼市 上都賀郡 鹿沼町
61%
1950/10/01 鹿児島県 串木野市 日置郡 串木野町
61%
1951/05/03 大阪府 寝屋川市 北河内郡 寝屋川町
61%
1954/04/01 富山県 砺波市 東礪波郡 砺波町
61%
1954/07/01 千葉県 旭市 海上郡 旭町
61%
1956/04/01 鳥取県 境港市 西伯郡 境港町
61%
1956/05/01 和歌山県 有田市 有田郡 有田町
61%
1956/07/01 沖縄県 コザ市 中頭郡 コザ村
61%
1957/04/01 北海道 三笠市 空知郡 三笠町
61%
1958/07/15 埼玉県 上尾市 北足立郡 上尾町
61%
1958/08/01 茨城県 笠間市 西茨城郡 笠間町
61%
1958/10/01 福島県 二本松市 安達郡 二本松町
61%
1958/10/01 千葉県 勝浦市 夷隅郡 勝浦町
61%
1958/10/01 東京都 小金井市 北多摩郡 小金井町
61%
1958/10/01 鹿児島県 垂水市 肝属郡 垂水町
61%
1958/11/01 愛媛県 北条市 温泉郡 北条町
61%
1958/11/01 愛知県 新城市 南設楽郡 新城町
61%
1958/11/01 福岡県 中間市 遠賀郡 中間町
61%
1958/11/03 埼玉県 越谷市 南埼玉郡 越谷町
61%
1958/11/03 静岡県 天竜市 磐田郡 二俣町
61%
1958/11/03 静岡県 袋井市 磐田郡 袋井町
61%
1959/02/01 神奈川県 大和市 高座郡 大和町
61%
1962/10/01 東京都 小平市 北多摩郡 小平町
61%
1963/11/03 東京都 日野市 南多摩郡 日野町
61%
1964/04/01 東京都 東村山市 北多摩郡 東村山町
61%
1966/11/01 大阪府 摂津市 三島郡 三島町
61%
1967/01/01 千葉県 流山市 東葛飾郡 流山町
61%
1967/01/01 千葉県 八千代市 千葉郡 八千代町
61%
1967/01/01 東京都 国立市 北多摩郡 国立町
61%
1967/01/01 東京都 田無市 北多摩郡 田無町
61%
1967/01/01 東京都 保谷市 北多摩郡 保谷町
61%
1970/10/01 茨城県 取手市 北相馬郡 取手町
61%
1970/11/01 北海道 恵庭市 千歳郡 恵庭町
61%
1970/11/03 埼玉県 桶川市 北足立郡 桶川町
61%
1970/11/03 東京都 武蔵村山市 北多摩郡 村山町
61%
1970/12/01 愛知県 尾張旭市 東春日井郡 旭町
61%
1971/01/01 静岡県 下田市 賀茂郡 下田町
61%
1971/01/01 静岡県 裾野市 駿東郡 裾野町
61%
1971/03/01 神奈川県 伊勢原市 中郡 伊勢原町
61%
1971/09/01 千葉県 鎌ケ谷市 東葛飾郡 鎌ケ谷町
61%
1971/10/01 埼玉県 久喜市 南埼玉郡 久喜町
61%
1971/11/01 宮城県 岩沼市 名取郡 岩沼町
61%
1971/11/03 埼玉県 北本市 北足立郡 北本町
61%
1971/11/03 大阪府 交野市 北河内郡 交野町
61%
1971/12/01 沖縄県 糸満市 島尻郡 糸満町
61%
1972/01/15 埼玉県 八潮市 南埼玉郡 八潮町
61%
1972/04/10 埼玉県 富士見市 入間郡 富士見町
61%
1972/05/03 埼玉県 三郷市 北葛飾郡 三郷町
61%
1972/08/01 愛知県 豊明市 愛知郡 豊明町
61%
1972/10/01 埼玉県 蓮田市 南埼玉郡 蓮田町
61%
1977/11/01 京都府 八幡市 綴喜郡 八幡町
61%
1978/11/01 神奈川県 綾瀬市 高座郡 綾瀬町
61%
1981/04/01 千葉県 浦安市 東葛飾郡 浦安町
61%
1987/04/01 大阪府 大阪狭山市 南河内郡 狭山町
61%
1988/04/01 広島県 廿日市市 佐伯郡 廿日市町
61%
1991/04/01 千葉県 袖ケ浦市 君津郡 袖ケ浦町
61%
1996/04/01 埼玉県 吉川市 北葛飾郡 吉川町
61%
1997/04/01 京都府 京田辺市 綴喜郡 田辺町
61%
2002/04/01 沖縄県 豊見城市 島尻郡 豊見城村
61%
1899/04/01 福島県 若松市 北会津郡 若松町
57%
1907/04/01 福島県 福島市 信夫郡 福島町
57%
1919/05/01 長野県 上田市 小県郡 上田町
57%
1919/11/01 兵庫県 明石市 明石郡 明石町
57%
1921/03/01 群馬県 桐生市 山田郡 桐生町
57%
1929/04/20 大分県 中津市 下毛郡 中津町
57%
1933/02/01 三重県 松阪市 飯南郡 松阪町
57%
1933/02/11 宮崎県 延岡市 東臼杵郡 延岡町
57%
1939/04/29 大阪府 池田市 豊能郡 池田町
57%
1941/11/03 島根県 出雲市 簸川郡 出雲町
57%
1951/03/01 愛知県 挙母市 西加茂郡 挙母町
57%
1951/06/01 徳島県 小松島市 勝浦郡 小松島町
57%
1952/04/01 福岡県 柳川市 山門郡 柳川町
57%
1954/01/01 奈良県 大和郡山市 生駒郡 郡山町
57%
1954/10/01 栃木県 真岡市 芳賀郡 真岡町
57%
1954/11/20 神奈川県 相模原市 高座郡 相模原町
57%
1958/07/15 埼玉県 与野市 北足立郡 与野町
57%
1958/10/01 大阪府 柏原市 中河内郡 柏原町
57%
1958/10/01 鹿児島県 西之表市 熊毛郡 西之表町
57%
1958/11/01 埼玉県 草加市 北足立郡 草加町
57%
1959/04/01 埼玉県 蕨市 北足立郡 蕨町
57%
1963/08/01 大阪府 門真市 北河内郡 門真町
57%
1964/11/03 東京都 国分寺市 北多摩郡 国分寺町
57%
1966/10/01 埼玉県 戸田市 北足立郡 戸田町
57%
1967/03/01 埼玉県 鳩ヶ谷市 北足立郡 鳩ヶ谷町
57%
1970/07/01 滋賀県 守山市 野洲郡 守山町
57%
1970/08/01 三重県 久居市 一志郡 久居町
57%
1970/10/01 東京都 狛江市 北多摩郡 狛江町
57%
1970/11/01 山口県 新南陽市 都濃郡 南陽町
57%
1971/12/01 愛知県 岩倉市 丹羽郡 岩倉町
57%
1972/04/01 茨城県 岩井市 猿島郡 岩井町
57%
1972/04/01 福岡県 小郡市 三井郡 小郡町
57%
1981/04/01 千葉県 四街道市 印旛郡 四街道町
57%
1986/10/01 埼玉県 幸手市 北葛飾郡 幸手町
57%
2001/10/01 滋賀県 栗東市 栗太郡 栗東町
57%
2002/02/02 茨城県 守谷市 北相馬郡 守谷町
57%
2010/01/04 愛知県 みよし市 西加茂郡 三好町
57%
1898/04/01 広島県 尾道市 御調郡 尾道町
52%
1899/04/01 香川県 丸亀市 那珂郡 丸亀町
52%
1906/04/01 新潟県 長岡市 古志郡 長岡町
52%
1933/04/01 埼玉県 熊谷市 大里郡 熊谷町
52%
1948/01/01 静岡県 島田市 志太郡 島田町
52%
1948/01/01 奈良県 大和高田市 北葛城郡 高田町
52%
1948/04/01 北海道 苫小牧市 勇払郡 苫小牧町
52%
1950/08/01 茨城県 古河市 猿島郡 古河町
52%
1951/03/01 静岡県 焼津市 志太郡 焼津町
52%
1954/02/11 茨城県 石岡市 新治郡 石岡町
52%
1954/04/01 長野県 須坂市 上高井郡 須坂町
52%
1958/09/01 青森県 三沢市 上北郡 大三沢町
52%
1958/11/01 群馬県 安中市 碓氷郡 安中町
52%
1958/11/01 愛知県 稲沢市 中島郡 稲沢町
52%
1967/03/15 埼玉県 朝霞市 北足立郡 朝霞町
52%
1970/10/26 埼玉県 志木市 北足立郡 足立町
52%
1970/10/31 埼玉県 和光市 北足立郡 大和町
52%
1970/11/01 埼玉県 新座市 北足立郡 新座町
52%
1991/10/01 奈良県 香芝市 北葛城郡 香芝町
52%
1992/04/01 千葉県 八街市 印旛郡 八街町
52%
2006/04/01 和歌山県 岩出市 那賀郡 岩出町
52%
1929/05/01 京都府 伏見市 紀伊郡 伏見町
48%
1937/04/01 京都府 福知山市 天田郡 福知山町
48%
1954/07/10 福島県 内郷市 石城郡 内郷町
48%
1958/07/01 兵庫県 三田市 有馬郡 三田町
48%
1970/08/01 北海道 登別市 幌別郡 登別町
48%
1972/04/01 北海道 伊達市 有珠郡 伊達町
48%
1972/10/01 愛媛県 東予市 周桑郡 東予町
48%
1986/06/01 茨城県 牛久市 稲敷郡 牛久町
48%
1972/05/03 京都府 城陽市 久世郡 城陽町
43%
No matching quizzes found
Score Distribution
Percent of People with Each Score
Percentile by Number Answered
Your Score History
You have not taken this quiz